000 00687nam a22002057a 4500
005 20251108172520.0
008 250721s9999 xx 000 0 ara d
082 1 4 _a027.0565/مكت
100 1 _aقنديل، يوسف
_eمؤلف
245 1 0 _aالمكتبات و مراكز المعلومات في الأردن : الواقع و التحديات /
264 1 _aعمان :
_bمؤسسة عبدالحميد شومان،
300 _a151ص.
650 1 7 _aالمكتبات
650 1 7 _aالأردن
650 1 7 _aالندوات
700 1 _aشربجي، نجيب
_eمؤلف مشارك
700 1 _aكليب، فضل
_eمؤلف مشارك
942 _2ddc
_cBK
999 _c81325
_d81325